000 00504nam a2200193 a 4500
001 1761206889152
003 ACL
005 20251023134044.0
008 251023s2002##################000#0#eng##
020 _a9781402070174
082 0 4 _a658.514
_bTHO
100 1 _aThore, Sten A.,
_eauthor.
245 1 0 _aTechnology Commercialization :
260 _bSpringer Science & Business Media,
_c2002.
300 _a434 pages
650 0 _aBusiness & Economics.
942 _cENGLISH
040 _aACL
_beng
_cACL
999 _c592928
_d592928